000 00546nam a2200169 i 4500
001 94955
003 ES-MaACL
005 20230906181610.0
007 t|
008 050518s1925 gw ||||1| ger d
100 1 _aLudtke, Gerhard.
_974617
245 1 0 _aKürschners Deutscher Gelehrten-Kalender anf das Jabr 1925 /
_cGerhard Ludtke; unter redaktroneller Mitarbeit von Dr. Hans Strobel.
260 _aBerlin :
_bWalter de Grunter,
_c1925.
300 _aXXXI, 1919 p. ;
_c20 cm.
700 1 _aStrobel, Hans.
_9108439
852 _aES-MaACL
_jF-3455
999 _c94955
_d94955